000 00482nam a2200205Ia 4500
003 OSt
005 20140507101602.0
008 140130s9999 xx 000 0 und d
020 _a0516273965
050 _aRE 320
_b.G67 2003
100 _aGordon, Sharon
245 _cSharon Gordon
_aPinkeye /
260 _bScholastic,
_c2003.
_aNew York :
300 _a31 p. :
_bcol. ill. ;
_c19 cm.
440 _v1
521 _aG1
526 _c190
942 _cBK
_2lcc
999 _c39938
_d39938